000 00250nam a2200109 a 4500
005 20201002045123.0
008 140514s1991 000 spa d
020 _a8487243193
245 0 _aEspaƱa 1991.
260 _a[s.l.],
_c1991.
999 _c43542
_d43542
040 _aDO-SdBNP